Fall In Love Alone- Stacey Ryan- ALL LYRICS - Statistics

General Stats
  • This quiz has been taken 8 times
  • The average score is 163 of 237
Answer Stats
Answer % Correct
I
100%
I'm
100%
unrequited
86%
with
86%
a
71%
alone
71%
and
71%
Baby
71%
back
71%
been
71%
but
71%
But
71%
could
71%
don't
71%
electric
71%
every
71%
fall
71%
Fall,
71%
far
71%
for
71%
forth
71%
getting
71%
Give
71%
give
71%
go
71%
got
71%
head
71%
heart
71%
How
71%
how
71%
If
71%
if
71%
in
71%
it
71%
It's
71%
it's
71%
I've
71%
just
71%
know
71%
like
71%
living
71%
love
71%
me
71%
mind
71%
much
71%
never
71%
of
71%
on
71%
really
71%
rush
71%
sign
71%
something
71%
sometimes
71%
that
71%
that's
71%
the
71%
thing
71%
this
71%
time
71%
tired
71%
to
71%
too
71%
touch
71%
try
71%
wanna
71%
we
71%
when
71%
Why
71%
will
71%
you
71%
your
71%
between
57%
Find
57%
might
57%
mine
57%
oh
57%
sweet
57%
takes
57%
There's
57%
undecided
57%
us
57%
can't
43%
Cause
43%
deep
43%
driving
43%
end
43%
force
43%
friend
43%
good
43%
help
43%
into
43%
lose
43%
mean
43%
myself
43%
tell
43%
thinking
43%
up
43%
want
43%
well
43%
were
43%
what
43%
wish
43%
dive
29%
drinking
29%
hate
29%
devine
14%
shy
14%
slip
14%
familer
0%
knpw
0%
No matching quizzes found
Score Distribution
Percent of People with Each Score
Percentile by Number Answered
Your Score History
You have not taken this quiz